Giant meteorites (Record no. 3462)
[ view plain ]
| 000 -LEADER | |
|---|---|
| fixed length control field | 00543nam a2200193Ia 4500 |
| 003 - CONTROL NUMBER IDENTIFIER | |
| control field | IN-BaIIA |
| 008 - FIXED-LENGTH DATA ELEMENTS--GENERAL INFORMATION | |
| fixed length control field | 211028s9999 xx 000 0 eng d |
| 040 ## - CATALOGING SOURCE | |
| Transcribing agency | IIA Library |
| 080 ## - UNIVERSAL DECIMAL CLASSIFICATION NUMBER | |
| Universal Decimal Classification number | 523.68 |
| Item number | KRI |
| 100 ## - MAIN ENTRY--PERSONAL NAME | |
| Personal name | Krinov, E. L. |
| 9 (RLIN) | 6127 |
| 245 #0 - TITLE STATEMENT | |
| Title | Giant meteorites |
| Statement of responsibility, etc. | E. L. Krinov |
| 260 ## - PUBLICATION, DISTRIBUTION, ETC. | |
| Place of publication, distribution, etc. | Oxford |
| Name of publisher, distributor, etc. | Pergamon Press |
| Date of publication, distribution, etc. | 1966 |
| 300 ## - PHYSICAL DESCRIPTION | |
| Extent | xxii, 397p. |
| 650 ## - SUBJECT ADDED ENTRY--TOPICAL TERM | |
| Topical term or geographic name entry element | Asteroids |
| 9 (RLIN) | 4064 |
| 650 ## - SUBJECT ADDED ENTRY--TOPICAL TERM | |
| Topical term or geographic name entry element | Astronomy and astrophysics thesaurus |
| 650 ## - SUBJECT ADDED ENTRY--TOPICAL TERM | |
| Topical term or geographic name entry element | Meteorites |
| 650 ## - SUBJECT ADDED ENTRY--TOPICAL TERM | |
| Topical term or geographic name entry element | Meteors |
| 942 ## - ADDED ENTRY ELEMENTS (KOHA) | |
| Koha item type | Books |
| Withdrawn status | Lost status | Damaged status | Not for loan | Home library | Current library | Shelving location | Date acquired | Cost, normal purchase price | Total Checkouts | Full call number | Barcode | Date last seen | Cost, replacement price | Price effective from | Koha item type | Purchase Price |
|---|---|---|---|---|---|---|---|---|---|---|---|---|---|---|---|---|
| IIA Library-Bangalore | IIA Library-Bangalore | General Stacks | 21/04/1970 | 104.40 | 523.68/ KRI | 3856 | 05/11/2021 | 104.40 | 21/04/1970 | Books | Rs. 104.40 |